| 000 | 004550000a22001810004500 | ||
|---|---|---|---|
| 003 | MACL | ||
| 005 | 20150704121028.0 | ||
| 008 | 150704b xxu||||| |||| 00| 0 eng d | ||
| 040 |
_aMACL _cMACL |
||
| 041 | _aEnglish | ||
| 082 | _a300/SAT | ||
| 100 |
_aSathe, Vasant _9520 |
||
| 245 |
_aIndia to Be A Global Power _bIssues and Challenges |
||
| 260 |
_bSubhi Publications _c2007 _aDelhi |
||
| 350 | _a395 | ||
| 650 |
_aSociology _919 |
||
| 942 |
_cBK _k300 _2ddc |
||
| 999 |
_c8504 _d8504 |
||